| 000 | 00538nam a22001817a 4500 | ||
|---|---|---|---|
| 005 | 20250430105051.0 | ||
| 010 | _aENG-144761 | ||
| 020 | _c9789390951635 | ||
| 035 | _aEN-128293 | ||
| 037 | _bDBAD | ||
| 082 | _a027.7 | ||
| 245 |
_aImpact Of ICT on Library System/ _cEdited by, kalpana Gayakwad |
||
| 260 |
_aNoida _bAllied Publishers Private Limited _c2023 |
||
| 270 |
_aD-5, Sector-2, Noida _bNoida _e201301 |
||
| 300 |
_axi169P. _c23(Pb) |
||
| 700 |
_akalpana, Gayakwad _980834 |
||
| 942 |
_2ddc _cEN _h027.7 _mGAY |
||
| 999 |
_c211106 _d211106 |
||